Berühmte exkommunizierte Personen - Statistiken

Allgemein
  • Dieses Quiz wurde 31 mal gespielt
  • Das Durchschnittsergebnis liegt bei 6 aus 12
Antwortstatistiken
Bildquiz Hint Antwort % Korrekt
1521 wegen des Nicht-Widerrufens seiner 95 Thesen Martin Luther
96%
1809 wegen der Annektierung Roms und anti-päpstlichen Befehlen Napoleon Bonaparte
93%
1076 wegen des Investiturstreits, weitere Exkommunikationen 1080, 1084 und 1088 Heinrich IV.
79%
1533 wegen Auflösung der Klöster in seinem Land Heinrich VIII.
79%
1570 wegen Leugnung der Doktrin des christlichen Glaubens, Aufruf gegen Fastenregeln und Zölibat, Einführung des Calvinismus und Absetzung von Rektoren, Priestern und Bischöfen Elisabeth I.
75%
1431 wegen des Feenzaubers, des Gebrauchs der Alraunenwurzel, der Häresie, der Anbetung von Dämonen, des Mordes, etc. Jeanne d’Arc
54%
1946 wegen der Verurteilung des Kardinals Alojzije Stepinac zu 16 Jahren Gefängnis Josip Broz Tito
43%
1160 wegen einem Streit um die Rechtmäßigkeit der Wahl eines Gegenpapstes Friedrich I.
32%
1208 wegen Nicht-Akzeptierung des päpstlichen Kandidaten für den Bischof von Canterbury Johann Ohneland
25%
1306 wegen des Mordes an John Comyn, Lord of Badenoch Robert I. von Schottland
21%
1955 wegen der Ausweisung der Bischöfe Manuel Tato und Ramón Novoa Juan Perón
18%
1860 wegen der Invasion des Kirchenstaats Viktor Emanuel II.
7%
Keine übereinstimmenden Quizze gefunden
Verteilung der Resultate
Anzahl Personen mit jedem Resultat
Perzentil nach korrekt beantworteten Fragen
Ihre Resultats-Entwicklung
Sie haben dieses Quiz noch nicht gespielt